000 00526nam a22001937a 4500
003 KOHA_MİRAKIL
005 20251123145244.0
008 251123b tu ||||| |||| 00| 0 tur d
020 _a9786258215410
040 _aTR-AnABB
_btur
_cTR-AnABB
041 _atur
082 _a895.635
_bMUR 2022
100 1 _aMurakami, Haruki,
245 1 0 _aPinball 1973 /
_cHaruki Murakami
260 _aİstanbul :
_bDoğan Kitap,
_c2022
300 _a142 sayfa ;
_c21 cm
650 0 4 _aJapon edebiyatı, roman
942 _2ddc
_cBK
999 _c9570
_d9570
900 _bGizem YORULMAZ